000 01686cab a2200313 ab4500
005 20231106133509.0
008 991125c2016 ck fr p o 000 0 spa d
035 _aUPN01000218172
040 _aMX-MxUPN
_bspa
_cMX-MxUPN
_eaacr2
049 _aART-E
100 1 _aJaramillo Quintero, Luisa Fernanda
100 1 _aHenao Molsalve, Yuricsan Elisaman
100 1 _aArboleda Estrada, Natalia
100 1 _aZapata Díaz, Esteban
100 1 _aRodríguez Bustamante, Alexander
245 1 0 _aIdea de pareja, a propósito del uso de la tecnología
_h[recurso electrónico en línea]
506 0 _aAcceso abierto
520 3 _aEste artículo de reflexión, aborda las concepciones de pareja, tanto la tradicional como la moderna, teniendo en cuenta la transformación del término, en algunos periodos específicos del tiempo; se hace una descripción categórica de las clases de amor y cómo éstas se pueden ver inmersas en las dinámicas de dichas relaciones; asimismo, se expone el auge de la tecnología, sus implicaciones en la comunicación, y su relación con las diferentes generaciones; por último, se da a conocer la influencia de la tecnología en las relaciones de pareja y cómo ésta se puede ver afectada o beneficiada con el uso de la misma. Poiesis.
653 0 _aPareja
653 0 _aAmor
653 0 _aConceptos
653 0 _aTecnología
653 0 _aRelaciones interpersonales
773 _gNo. 30 (2016), p. 117-123
_tPoiesis: revista electrónica de psicología social
_x1692-0945
856 4 _uhttp://www.funlam.edu.co/revistas/index.php/poiesis/article/view/1848/1473
902 _bLeonor Sotres/061123
905 _aArticulo
942 _cART-E
999 _c190272
_d190272